| 000 | 00774nam a22002057a 4500 | ||
|---|---|---|---|
| 999 |
_c19164 _d19164 |
||
| 003 | AR-CdUCM | ||
| 008 | 190516b ||||| |||| 00| 0 spa d | ||
| 040 |
_aMUNICIPALIDAD PROVINCIAL DEL CUSCO _cBIBLIOTECA MUNICIPAL DEL CUSCO |
||
| 082 |
_a980 / _bV33 |
||
| 100 |
_aVasconcelos, José _9412 |
||
| 245 |
_aBolivarismo y monroísmo : _bTemas iberoamericanos / |
||
| 260 |
_aSantiago de Chile : _bEdit. Ercilla, _c1935. |
||
| 300 |
_a147 paginas ; _c22 cm. |
||
| 505 | _aContenido :Hispanoamericanismo y panamericanismo --Apuntes para una sociología iberoamericana --La cultura en hispanoamericana ... | ||
| 650 |
_aEnsayos mexicanos _913161 |
||
| 650 |
_aAmericanismo _915544 |
||
| 650 |
_aDoctrina de Monroe _940349 |
||
| 942 |
_2ddc _cLIBROS |
||
| 945 |
_arjall _d2019-05-16 |
||